| 000 | 00783nam a22002297a 4500 | ||
|---|---|---|---|
| 999 |
_c14204 _d14204 |
||
| 003 | AR-CdUCM | ||
| 008 | 190422b ||||| |||| 00| 0 spa d | ||
| 020 | _a978-612-4026-56-0 | ||
| 040 |
_aMUNICIPALIDAD PROVINCIAL DEL CUSCO _cBIBLIOTECA MUNICIPAL DEL CUSCO |
||
| 082 |
_aPI / 376.1 / _bSO71 |
||
| 100 |
_aSoto de los Reyes de Vega, Raquel _932888 |
||
| 245 | _aEl Muki y los niños mineros / | ||
| 260 |
_aLima : _bDidáctica, _c2010. |
||
| 300 |
_bilustraciones, _c31 cm. |
||
| 440 |
_aColección Mis cuentos Peruanos. _932876 |
||
| 650 |
_aLiteratura infantil _9588 |
||
| 650 |
_aCuentos infantiles _93927 |
||
| 650 |
_aEducación _9460 |
||
| 710 |
_aAPLIJ - Asociación Peruana de Literatura Infantil y Juvenil. _932877 |
||
| 942 |
_2ddc _cLIBROS |
||
| 945 |
_aachl _d2019-04-22 |
||